Wszystkie miasta w Polsce na "A" - Statystyki

Ogólne statystyki
  • Ten quiz został rozwiązany 50 razy
  • Średni wynik to 4 z 6
Statystyki odpowiedzi
Województwo Miasto % Poprawnych
Podlaskie Augustów
82%
Kujawsko - Pomorskie Aleksandrów Kujawski
73%
Łódzkie Aleksandrów Łódzki
71%
Lubelskie Annopol
64%
Małopolskie Andrychów
62%
Małopolskie Alwernia
36%
Nie znaleziono quizów pasujących do podanych kryteriów
Rozkład punktacji
Procent ludzi z każdym wynikiem
Percentyl według liczby udzielonych odpowiedzi
Twoja historia wyników
Nie rozwiązałeś tego quizu